| 000 | 00681nam a2200193 4500 | ||
|---|---|---|---|
| 999 |
_c13861 _d13861 |
||
| 020 | _a9789710099016 | ||
| 082 | _aFil. 899.211 G3863s 2014 | ||
| 100 | _aGatmaitan, Luis P. | ||
| 245 |
_aSignal number 3 / _cstory by Luis P. Gatmaitan ; illustrated by Jether Amar |
||
| 260 |
_aMandaluyong City _bOMF Literature Inc. _cc2014 |
||
| 300 |
_a31 pages : _bchiefly color illustrations ; _c22.5 x 16.5 cm |
||
| 526 | _a800-899 | ||
| 650 | _aTyphoons | ||
| 650 | _aNatural disasters -- Juvenile literature | ||
| 650 | _aEnvironmental disasters -- Juvenile literature | ||
| 650 | _aChildren's stories, Philippine (English) | ||
| 650 | _aChildren's stories, Tagalog | ||
| 942 |
_2ddc _cBK |
||